000
00243nmm a2200085Ia 4500
008
220120s9999||||xx |||||||||||||||||und||
100
_a
Bowles, Joseph, E
245
0
_a
Foundations analysis and design
260
_a
Pearson education of asia
_b
Denmark
999
_c
140016
_d
140016